000
00428nam a2200133Ia 4500
008
100328s9999 xx 000 0 und d
082
_b
60271
100
_a
खाजगीवाले का.अ.
245
_a
बोगदे खणा बोगदे.
260
_b
गं्रथाली.
630
_a
बोगदे खणा बोगदे.
730
_a
बोगदे खणा बोगदे.
942
_c
BOOK
999
_c
546433
_d
546430